| 000 | 00590nam a2200229Ia 4500 | ||
|---|---|---|---|
| 003 | OSt | ||
| 005 | 20240506091003.0 | ||
| 008 | 210331s9999||||xx |||||||||||||| ||und|| | ||
| 020 | _a9781408123935 | ||
| 040 | _cSTCPL | ||
| 041 | _aENG | ||
| 082 |
_a822 _bDAV-M |
||
| 100 | _aEldridge, David ...[et al] | ||
| 245 | 4 |
_aThe methuen drama book of royal court plays 2000-2010 / _cby David Eldridge ...[et al] |
|
| 260 |
_aLondon : _bMethuen Drama , _c2010 . |
||
| 300 |
_a452 p. _bPB |
||
| 650 | _aEnglish literature | ||
| 650 | _aDrama | ||
| 942 | _cBK | ||
| 942 | _2ddc | ||
| 942 | _2ddc | ||
| 999 |
_c73130 _d73130 |
||